| 000 | 00482nam a2200193 a 4500 | ||
|---|---|---|---|
| 001 | 42119 | ||
| 005 | 20180714020317.0 | ||
| 008 | 140415s1963 sp 000 0 spa d | ||
| 041 | _aspa | ||
| 082 |
_a863 _bDEL |
||
| 100 | 1 | _aDELIBES, MIGUEL | |
| 245 | 1 | 4 | _aLAS RATAS |
| 250 | _a2a ed. | ||
| 260 |
_aESPAÑA : _bEDICIONES DESTINO, _c1963 |
||
| 300 | _a164 | ||
| 490 |
_aANCORA Y DELFINO _v218 |
||
| 500 | _a(ANCORA Y DELFIN; 218) | ||
| 650 | 1 | 4 | _aNOVELA ESPAOLA |
| 999 |
_c42119 _d42119 |
||